MARC

LEADER 00000nam0a2200000 4500
001 14940
005 20231030185932.0
010 |a 5060037207 
035 |a (RuTPU)RU\TPU\book\15041 
035 |a BOOK00015111 
090 |a 14940 
100 |a 20011209d2000 m y0rusy50 ca 
101 0 |a rus 
102 |a RU 
105 |a a j 000zy 
200 1 |a Биологическая химия  |e учебник  |f Д. Г. Кнорре, С. Д. Мызина 
205 |a 3-е изд., испр. 
210 |a Москва  |c Высшая школа  |d 2000 
215 |a 479 с.  |c ил. 
451 1 |0 (RuTPU)RU\TPU\book\46084  |y 5-06-003720-7  |t Биологическая химия  |o учебник  |f Д. Г. Кнорре, С. Д. Мызина  |e 3-е изд., испр.  |c М.  |n Высшая школа  |d 2002  |p 479 с.  |a Кнорре, Дмитрий Георгиевич 
610 1 |a биологическая химия 
610 1 |a биополимеры 
610 1 |a ферменты 
610 1 |a биосинтез 
610 1 |a катализаторы 
610 1 |a нуклеиновые кислоты 
610 1 |a молекулярная селекция 
610 1 |a биоэнергетика 
610 1 |a исследование 
610 1 |a методы 
610 1 |a задачи 
610 1 |a ответы 
610 1 |a учебные пособия 
675 |a 577.1(075.8)  |v 3 
700 1 |a Кнорре  |b Д. Г.  |g Дмитрий Георгиевич 
701 1 |a Мызина  |b С. Д.  |g Светлана Дмитриевна 
801 0 |a RU  |b 63413507  |c 20011209  |g PSBO 
801 2 |a RU  |b 63413507  |c 20020520  |g PSBO 
801 2 |a RU  |b 63413507  |c 20110317  |g PSBO 
942 |c BK